000 00307nam a2200145 a 4500
005 20260702181355.0
020 _a9786066092233
100 1 _aBlaga, Lucian
245 1 0 _aPoemele luminii
260 _aCluj-Napoca
_bDacia
_c2014
300 _a188 p.
041 0 _aron
650 0 _aPoezie romaneasca
942 _cBK
999 _c13
_d13